LEADER 01037nam0-2200325---450- 001 990009536900403321 005 20120302095332.0 010 $a978-88-430-5682-8 035 $a000953690 035 $aFED01000953690 035 $a(Aleph)000953690FED01 035 $a000953690 100 $a20120302d2011----km-y0itay50------ba 101 0 $aita 102 $aIT 105 $ay-------001yy 200 1 $aTregue d'armi$estrategie e pratiche della guerra in Italia fra nazisti, fascisti e partigiani$fRoberta Mira 210 $aRoma$cCarocci$d2011 215 $a253 p.$d22 cm 225 1 $aSaggi e monografie del Dipartimento di discipline storiche, antropologiche e geografiche dell'Università di Bologna$v17 610 0 $aGuerra mondiale 1939-1945$aItalia 676 $a940.5345$v22$zita 700 1$aMira,$bRoberta$0515514 801 0$aIT$bUNINA$gREICAT$2UNIMARC 901 $aBK 912 $a990009536900403321 952 $aUniv. 268 (17)$b46649$fFSPBC 959 $aFSPBC 996 $aTregue d'armi$9855069 997 $aUNINA LEADER 00968nam a2200265 i 4500 001 991000393929707536 008 091012r20062001it 001 0 ita 020 $a8843017519 035 $ab13850714-39ule_inst 040 $aFacoltà SSPT$bita 082 0 $a305.80 100 1 $aGobo, Giampietro$0142123 245 10$aDescrivere il mondo :$bteoria e pratica del metodo etnografico in sociologia /$cGiampietro Gobo 250 $a2. rist 260 $aRoma :$bCarocci,$c2006 300 $a220 p. ;$c22 cm 440 0$aUniversità.$pScienze politiche e sociali ;$v259 650 4$aEtnologia$xRicerche$xMetodo 650 4$aSociologia$xRicerche$xMetodo 907 $a.b13850714$b02-04-14$c12-10-09 912 $a991000393929707536 945 $aLE021 305.80 GOB01.01$g1$i2020000018506$lle021$op$pE22.60$q-$rn$s- $t0$u2$v2$w2$x0$y.i15012311$z12-10-09 996 $aDescrivere il mondo$9228460 997 $aUNISALENTO 998 $ale020$b12-10-09$cm$da $e-$fita$git $h0$i0 LEADER 00919nam a2200229 i 4500 001 991004324537307536 005 20240604084035.0 008 240530s2002 it e 001 0 ita d 020 $a8837218648 040 $aBibl. Dip.le Aggr. Scienze Umane e Sociali - Sez. Studi Storici 082 0 $a261.70945 100 1 $aRaponi, Nicola$0133677 245 00$aCattolicesimo liberale e modernità :$bfigure e aspetti di storia della cultura dal risorgimento all'età giolittiana /$cNicola Raponi 260 $aBrescia :$bMorcelliana,$c2002 300 $a333 p. ;$c23 cm 490 1 $aBiblioteca di storia contemporanea / [Morcelliana] 650 04$aCattolicesimo liberale$zItalia$y1821-1925 650 04$aReligione e politica$zItalia$xStoria$y1821-1925 830 0$aBiblioteca di storia contemporanea / [Morcelliana] 912 $a991004324537307536 996 $aCattolicesimo liberale e modernità$94158952 997 $aUNISALENTO